[Event "Andalucia-chB"]
[Site "Algeciras"]
[Date "2018.05.20"]
[Round "6"]
[White "Rodriguez Ales, Daniel Jesus"]
[Black "Gomez Salva, Roberto"]
[Result "0-1"]
[WhiteElo "1383"]
[BlackElo "1218"]
[PlyCount "138"]
[EventDate "2018.05.18"]
[EventType "swiss"]
[EventRounds "6"]
[EventCountry "ESP"]
[SourceTitle "EXT 2020"]
[Source "ChessBase"]
[SourceDate "2019.10.17"]
[SourceVersion "1"]
[SourceVersionDate "2019.10.17"]
[SourceQuality "1"]

1. e4 e5 2. Nf3 Nc6 3. Bb5 Bc5 4. 0-0 d6 5. d3 Nf6 6. Nc3 Bg4 7. h3 Bh5 8. Bg5 h6 9. Bh4 a6 10. Bc4 Nd4 11. g4 Bg6 12. Nxd4 Bxd4 13. Nd5 h5 14. Bxf6 gxf6 15. c3 Bb6 16. Qf3 hxg4 17. Qxg4 Rg8 18. Kh2 c6 19. Ne3 Qd7 20. Qxd7+ Kxd7 21. Ng4 Ke7 22. f4 f5 23. exf5 Bxf5 24. Nh6 Bg6 25. Nxg8+ Rxg8 26. fxe5 d5 27. Bb3 Bxd3 28. Rf3 Be4 29. Rg3 Rh8 30. Rc1 Bc7 31. Rg5 Ke6 32. Bc2 Bxe5+ 33. Kg1 Bf4 34. Bxe4 dxe4 35. Rg4 Bxc1 36. Rxe4+ Kd7 37. Rb4 Kc7 38. Kg2 b5 39. b3 Kb6 40. Re4 f5 41. Re5 Bb2 42. Re3 f4 43. Rf3 Rg8+ 44. Kf2 Rg3 45. Rxf4 Rxh3 46. c4 Ba3 47. Kg2 Rc3 48. cxb5 axb5 49. Rf2 Rc1 50. Kf3 Rb1 51. Ke4 Rb2 52. Rxb2 Bxb2 53. Kd3 Kc5 54. Kc2 Ba3 55. Kc3 b4+ 56. Kd3 Kd5 57. Ke3 c5 58. Kd3 Bb2 59. Kc2 Ba1 60. Kd3 Bf6 61. Ke3 Bg5+ 62. Kd3 Bh6 63. Kc2 Kd4 64. Kb2 Kd3 65. a4 Bf4 66. a5 Kd2 67. a6 Bb8 68. Ka1 Kc3 69. Ka2 Kc2 0-1